Normal view
MARC view
- Houghton, David Patrick
Entry Personal Name
001 - CONTROL NUMBER
- control field: 38255
003 - CONTROL NUMBER IDENTIFIER
- control field: OSt
005 - DATE AND TIME OF LATEST TRANSACTION
- control field: 20150727120355.0
008 - FIXED-LENGTH DATA ELEMENTS
- fixed length control field: 150727|| aca||aabn | a|a d
040 ## - CATALOGING SOURCE
- Original cataloging agency: OSt
100 1# - HEADING--PERSONAL NAME
- Personal name: Houghton, David Patrick